Gyermekszemmel a napköziről
Elmentve itt :
| Szerző: | |
|---|---|
| Dokumentumtípus: | Cikk |
| Megjelent: |
1985
|
| Sorozat: | Módszertani közlemények
25 No. 4 |
| Kulcsszavak: | Neveléstudomány |
| Online Access: | http://acta.bibl.u-szeged.hu/27268 |
| LEADER | 00615nab a2200181 i 4500 | ||
|---|---|---|---|
| 001 | acta27268 | ||
| 005 | 20210223143051.0 | ||
| 008 | 161017s1985 hu o 0|| hun d | ||
| 022 | |a 1219-0039 | ||
| 040 | |a SZTE Egyetemi Kiadványok Repozitórium |b hun | ||
| 041 | |a hun | ||
| 100 | 2 | |a Mátóné Lőrincz Ida | |
| 245 | 1 | 0 | |a Gyermekszemmel a napköziről |h [elektronikus dokumentum] / |c Mátóné Lőrincz Ida |
| 260 | |c 1985 | ||
| 300 | |a 270-274 | ||
| 490 | 0 | |a Módszertani közlemények |v 25 No. 4 | |
| 695 | |a Neveléstudomány | ||
| 856 | 4 | 0 | |u http://acta.bibl.u-szeged.hu/27268/1/modszertani_025_004_270-274.pdf |z Dokumentum-elérés |